1609 1849 1532 1592 1423 1074 1655 1705 1728 1236 1945 1843 1878 1869 1607 1569 1627 1516 1042 1839 1671 1304 1468 1869 1776 1508 1539 1599 1289 1168 1104 1112 1154 1891 1736 1663 1643 1733 1976 1306 1707 1471 1165 1661 1537 1351 1566 1373 1091 1918 1993 1235 1548 1746 1570 1273 1867 1521 1814 1487 1010 1992 1301 1297 1628 1221 1795 1256 1425 1866 1055 1270 1884 1955 1974 1047 1279 1561 1403 1974 1072 1653 1652 1209 1913 1071 1214 1890 1133 1794 1286 1091 1880 1145 1509 1314 1315 1448 1877 BCNSPRNW ULIB Ver.6.0+V

เปลี่ยนเป็นภาษาไทย

Change to English
 แสดงรายละเอียดบรรณานุกรม
  กลับหน้าหลัก

Brief Record : Get Marc (ISO 2709) : E-mail record : QR code < ปิดหน้าต่าง
LEADER : 00000nam 2200000uu 4500
001    13399114126
003     ULIB
008    110220s||||||||th 000 0 tha d
099    วจ.WY18^bท315พ
100 0  ทองสวย สีทานนท์
245 00 พฤติกรรมการดูแลแบบเอื้ออาทรของอาจารย์พยาบาลตามการรับรู้ของนักศึกษาหลักสูตรพยาบาลศาสตร์บัณฑิตในโครงการผลิตพยาบาลวิชาชีพเพิ่มเพื่อแก้ไขปัญหาจังหวัดชายแดนภาคใต้และโครงการปกติ วิทยาลัยพยาบาลพระปกเกล้า จันทบุรี/^cทองสวย สีทานนท์ และ ยศพล เหลืองโสมนภา
260    จันทบุรี:^bวิทยาลัยพยาบาลพระปกเกล้า จันทบุรี,^c2553
300    80 หน้า
650  7 การดูแลแบบเอื้ออาทร^xวิจัย
700 02 ยศพล เหลืองโสมนภา
710 2  วิทยาลัยพยาบาลพระปกเกล้า จันทบุรี
945    ^p0^l0^i031004
995    ทศพร
999 ^a ใช้งานได้ทุกระบบ
รายการนี้ยังไม่มีแท็ก
คุณยังไม่ได้ล็อกอิน คุณสามารถมีกิจกรรมร่วมกับเว็บไซต์ได้ แต่ต้องล็อกอินก่อน ::
  ล็อกอิน

รายการสื่อสารสนเทศ

ลำดับที่ ประเภท เลขเรียก/บาร์โค้ด สถานที่ สถานะ
1. งานวิจัย
งานวิจัย
วจ.WY18 ท315พ ฉ.1 
  Barcode: 031004
ห้องสมุดวิทยาเขตสวรรค์ประชารักษ์
►วิจัย
บนชั้น

BibComment


ยังไม่เคยถูกคอมเมนท์

คอมเมนท์ทรัพยากรรายการนี้
  คอมเมนท์: พฤติกรรมการดูแลแบ..


 Copyright 2026. Bcnsprnw @Library